header

Aspects of argument structure acquisition in Inuktitut (Record no. 17119)

MARC details
000 -LEADER
fixed length control field 01362nam a2200337Ia 4500
082 04 - DEWEY DECIMAL CLASSIFICATION NUMBER
Classification number 497/.1
100 1# - MAIN ENTRY--AUTHOR NAME
Personal name Allen, Shanley.
245 10 - TITLE STATEMENT
Title Aspects of argument structure acquisition in Inuktitut
260 ## - PUBLICATION, DISTRIBUTION, ETC. (IMPRINT)
Place of publication Philadelphia :
Name of publisher John Benjamins Publishing,
Year of publication 1996.
300 ## - PHYSICAL DESCRIPTION
Number of Pages xviii, 248 p. :
Other physical details ill., maps.
490 1# - SERIES STATEMENT
Series statement Language acquisition & language disorders,
650 #0 - SUBJECT ADDED ENTRY--TOPICAL TERM
Topical Term Inuktitut dialect
Topical Term Inuktitut dialect
856 40 - ELECTRONIC LOCATION AND ACCESS
Uniform Resource Identifier http://site.ebrary.com/lib/rucke/Doc?id=5000165

No items available.

© 2026 Rongo University
Contact us: librarian | system librarian | Rongo university